Statistiche per Rosa AS Roma 2023-2024

Clicka qui per fare il quiz!

Statistiche generali

  • Questo quiz è stato fatto 95 volte
    (5 dall'ultimo reset)
  • Il punteggio medio è 22 su 28

Statistiche sulle risposte

RuoloGiocatore% Corretto
CLeandro Paredes
100%
CLorenzo Pellegrini
100%
PMile Svilar
100%
APaulo Dybala
100%
ARomelu Lukaku
100%
AAndrea Belotti
80%
DAngeliño
80%
CBryan Cristante
80%
DChris Smalling
80%
DDiego Llorente
80%
CEdoardo Bove
80%
DEvan Ndicka
80%
DGianluca Mancini
80%
CHoussem Aouar
80%
DLeonardo Spinazzola
80%
CRenato Sanches
80%
DRick Karsdorp
80%
PRui Patricio
80%
ASardar Azmoun
80%
AStephan El Shaarawy
80%
ATammy Abraham
80%
DDean Huijsen
60%
DMarash Kumbulla
60%
PPietro Boer
60%
DRasmus Kristensen
60%
DZeki Celik
60%
CNicola Zalewski
40%
ATommaso Baldanzi
40%

Distribuzione punteggi

Percentile per numero di risposta

Percentuale di utenti per punteggio

I tuoi punteggi nel tempo

Non hai fatto questo quiz dall'ultimo reset